Pisanit︠s︡y basseĭna reki Aldan /

Bibliographic Details
Main Authors: Okladnikov, A. P. (Alekseĭ Pavlovich), 1908-1981, Mazin, A. I. (Anatoliĭ Ivanovich) (Author)
Other Authors: Vasilʹevskiĭ, R. S. (Ruslan Sergeevich)
Format: Book
Language:Russian
Published: Novosibirsk : Nauka, Sib. otd-nie, 1979.
Subjects:

MARC

Tag First Indicator Second Indicator Subfields
LEADER 00000cam a2200000 i 4500
001 in00001482002
005 20151021063209.0
008 801002s1979 ru a b 000 0 ruso
010 |a  80499285  
015 |a USSR80 
020 |c 2.10rub 
035 |a (OCoLC)06892171 
035 |9 AJG3528AM 
040 |a DLC  |c DLC  |d TXA  |d UtOrBLW 
043 |a e-ur--- 
049 |a TXAM 
050 0 0 |a GN799.P4  |b O4183 
100 1 |a Okladnikov, A. P.  |q (Alekseĭ Pavlovich),  |d 1908-1981. 
245 1 0 |a Pisanit︠s︡y basseĭna reki Aldan /  |c A. P. Okladnikov, A. I. Mazin ; Otv. red. R. S. Vasilʹevskiĭ. 
264 1 |a Novosibirsk :  |b Nauka, Sib. otd-nie,  |c 1979. 
300 |a 152 pages :  |b illustrations ;  |c 24 cm. 
336 |a text  |b txt  |2 rdacontent 
337 |a unmediated  |b n  |2 rdamedia 
338 |a volume  |b nc  |2 rdacarrier 
500 |a At head of title: Akademii︠a︡ nauk SSSR. Sibirskoe otdelenie. Institut istorii, filologii i filosofii. 
504 |a Includes bibliographical references. 
650 0 |a Petroglyphs  |z Russia (Federation)  |z Aldan Region. 
700 1 |a Mazin, A. I.  |q (Anatoliĭ Ivanovich),  |e author. 
700 1 |a Vasilʹevskiĭ, R. S.  |q (Ruslan Sergeevich) 
948 |a c:ml 
999 |a MARS 
999 f f |s 01e90509-78a6-3a12-b593-7e8e9b2494b0  |i 032f4976-615f-3c53-98ce-e499802cd4e7  |t 0 
952 f f |p ric  |a Texas A&M University  |b Rellis Campus  |c Joint Library Facility  |d Remote Storage  |t 0  |e GN799.P4 O4183  |h Library of Congress classification  |i unmediated -- volume  |m A14824199755 
998 f f |a GN799.P4 O4183  |t 0  |l Remote Storage